|
|
|
|
| LEADER |
00000nam0a2200000 4500 |
| 001 |
373493 |
| 005 |
20231102012554.0 |
| 035 |
|
|
|a (RuTPU)RU\TPU\retro\30923
|
| 035 |
|
|
|a RU\TPU\book\304771
|
| 090 |
|
|
|a 373493
|
| 100 |
|
|
|a 20221216d1966 k y0rusy50 ca
|
| 101 |
0 |
|
|a rus
|
| 102 |
|
|
|a RU
|
| 105 |
|
|
|a a z 001zy
|
| 200 |
1 |
|
|a Временные методические указания по проведению радиогидрогеологических исследований при массовых поисках месторождений урана
|f СССР, Министерство геологии (Мингео) ; сост. Е. Н. Куцель
|
| 210 |
|
|
|a Москва
|d 1966
|
| 215 |
|
|
|a 136 с.
|c ил.
|
| 320 |
|
|
|a Библиогр.: с. 124-130.
|
| 606 |
1 |
|
|a Полезные ископаемые
|x Геология
|2 stltpush
|3 (RuTPU)RU\TPU\subj\50069
|9 68818
|
| 610 |
1 |
|
|a уран
|
| 610 |
1 |
|
|a месторождения
|
| 610 |
1 |
|
|a поиски
|
| 610 |
1 |
|
|a методические указания
|
| 610 |
1 |
|
|a радиогидрогеохимическое рассеяние
|
| 610 |
1 |
|
|a исследования
|
| 610 |
1 |
|
|a радиоактивные воды
|
| 610 |
1 |
|
|a полевые исследования
|
| 610 |
1 |
|
|a систематизация
|
| 675 |
|
|
|a 553.4
|v 3
|
| 702 |
|
1 |
|a Куцель
|b Е. Н.
|4 220
|
| 712 |
0 |
1 |
|a СССР
|b Министерство геологии (Мингео)
|c (1946-1953, 1965-1991)
|2 stltpush
|3 (RuTPU)RU\TPU\col\9548
|
| 801 |
|
1 |
|a RU
|b 63413507
|c 20150119
|
| 801 |
|
2 |
|a RU
|b 63413507
|c 20221216
|g RCR
|
| 942 |
|
|
|c BK
|